Системы управления, автоматизация и оптимизация технологических процессов медицинской и микробиологической промышленности. 1989, Вып.1: Особенности планирования микробиологического и химико-фармацевтического эксперимента с учетом технических возможностей проведения опытов (Запись № 4523774)

Подробности
000 -МАРКЕР
контрольное поле 02020nam2a22002531 4500
001 - ИДЕНТИФИКАТОР ЗАПИСИ
контрольное поле RU\NLR\INFOCOMM20\5000009623
005 - ИДЕНТИФИКАТОР ВЕРСИИ
контрольное поле 20260405151443.0
035 ## - ДРУГИЕ СИСТЕМНЫЕ НОМЕРА
Идентификатор записи (NLR Aleph) 002354803
100 ## - ДАННЫЕ ОБЩЕЙ ОБРАБОТКИ
Данные общей обработки 20041201d1989 |||y0rusy50 ca
101 0# - ЯЗЫК РЕСУРСА
Язык текста, звукозаписи и т.д. русский
102 ## - СТРАНА ПУБЛИКАЦИИ ИЛИ ПРОИЗВОДСТВА
Страна публикации Российская Федерация
105 ## - ПОЛЕ КОДИРОВАННЫХ ДАННЫХ: ТЕКСТОВЫЕ МАТЕРИАЛЫ, МОНОГРАФИЧЕСКИЕ
Кодированные данные о монографическом текстовом документе y ||||000|y
200 1# - ЗАГЛАВИЕ И СВЕДЕНИЯ ОБ ОТВЕТСТВЕННОСТИ
Основное заглавие Особенности планирования микробиологического и химико-фармацевтического эксперимента с учетом технических возможностей проведения опытов
Первые сведения об ответственности Е.В. Маркова и др.
210 ## - ПУБЛИКАЦИЯ, РАСПРОСТРАНЕНИЕ И ДР.
Дата издания, распространения и т.д. 1989
Место издания, распространения и т.д. Б. м.
461 #0 - УРОВЕНЬ НАБОРА
Встроенное поле 001RU\NLR\INFOCOMM20\5000009583
-- 2001#$aСистемы управления, автоматизация и оптимизация технологических процессов медицинской и микробиологической промышленности$eОбзор. информ.$fМ-во мед. и микробиол. пром-сти СССР. Науч.-произв. об-ние "Медбиоэкономика", ВНИИ систем упр. экон. исслед. и НТИ$v1989, Вып.1
Системный номер (АБИС) связанной записи 4523749
Место публикации М.
Дата публикации 1987-
Первые сведения об ответственности М-во мед. и микробиол. пром-сти СССР. Науч.-произв. об-ние "Медбиоэкономика", ВНИИ систем упр. экон. исслед. и НТИ
Сведения, относящиеся к заглавию Обзор. информ.
Заглавие Системы управления, автоматизация и оптимизация технологических процессов медицинской и микробиологической промышленности
Номер тома 1989, Вып.1
701 #1 - ИМЯ ЛИЦА - АЛЬТЕРНАТИВНАЯ ОТВЕТСТВЕННОСТЬ
Код отношения Автор
Графика поля Кириллица
Материалы, к которым относится поле rus
Начальный элемент ввода Маркова
Часть имени, кроме начального элемента ввода Е. В.
Дополнения к именам, кроме дат д-р техн. наук, писатель
Даты 1923-2023
Расширение инициалов личного имени Елена Владимировна
Системный номер авторитетной/нормативной записи 45580
Идентификатор авторитетной/нормативной записи RU\NLR\AUTH\7762650
801 #1 - ИСТОЧНИК ЗАПИСИ
Страна Российская Федерация
Организация InfoComm
Дата составления 20041201
801 #0 - ИСТОЧНИК ЗАПИСИ
Страна Российская Федерация
Организация NLR
Правила каталогизации PSBO
852 ## - МЕСТОНАХОЖДЕНИЕ И ШИФР ХРАНЕНИЯ
Идентификатор организации NLR
Шифр хранения (Call Number) П10/6483
942 ## - ДОПОЛНИТЕЛЬНЫЕ ЭЛЕМЕНТЫ ЗАПИСИ (АБИС)
Тип экземпляра АБИС Выпуск
980 ## - КОЛЛЕКЦИЯ
Название коллекции Национальная библиография
980 ## - КОЛЛЕКЦИЯ
Название коллекции Русская периодика

Нет доступных экземпляров.